Numbers in Turkish - Statistics

General Stats
  • This quiz has been taken 80 times
  • The average score is 19 of 22
Answer Stats
Hint Answer % Correct
1 Bir
95%
0 Sıfır
93%
6 Altı
90%
5 Beş
90%
4 Dört
90%
2 İki
90%
3 Üç
90%
7 Yedi
90%
9 Dokuz
88%
10 On
88%
8 Sekiz
88%
20 Yirmi
88%
50 Elli
83%
100 Yüz
83%
1000 Bin
80%
90 Doksan
80%
40 Kırk
80%
30 Otuz
78%
60 Altmış
75%
1000000 Bir Milyon
75%
80 Seksen
75%
70 Yetmiş
75%
No matching quizzes found
Score Distribution
Percent of People with Each Score
Percentile by Number Answered
Your Score History
You have not taken this quiz